[Event "Scarborough CC Howard Ridout U1800"]
[Site "Toronto CAN"]
[Date "2011.09.29"]
[Round "3"]
[White "Aghamalian, Leonid"]
[Black "Zhong, Joey"]
[Result "0-1"]
[WhiteElo "1496"]
[BlackElo "1313"]
[PlyCount "79"]
[GameId "2160767909648681"]
[EventDate "2011.09.08"]
[EventType "swiss"]
[EventRounds "6"]
[EventCountry "CAN"]
[SourceTitle "EXT 2022"]
[Source "ChessBase"]
[SourceDate "2021.10.06"]
[SourceVersion "1"]
[SourceVersionDate "2021.10.06"]
[SourceQuality "1"]

1. e4 e6 2. d4 d5 3. exd5 exd5 4. Nc3 Nf6 5. Bg5 c6 6. h3 Bd6 7. Nf3 O-O 8. Be2 h6 9. Be3 Bf5 10. Bd3 Bxd3 11. Qxd3 Re8 12. O-O-O b5 13. g4 Nh7 14. h4 Qf6 15. Bd2 Bf4 16. g5 Bxd2+ 17. Rxd2 Qd6 18. gxh6 Qxh6 19. Ne5 Qe6 20. Qg3 Nf6 21. f3 Nbd7 22. Nxd7 Nxd7 23. Rg2 Qe3+ 24. Kb1 Qxd4 25. h5 Qf6 26. f4 d4 27. Ne2 Nc5 28. b3 Rad8 29. Nc1 Ne4 30. Qg4 Nc3+ 31. Kb2 d3 32. Nxd3 Na4+ 33. Kb1 Nc3+ 34. Kc1 Nxa2+ 35. Kb1 Nc3+ 36. Kc1 Nd5 37. Ne5 Qxf4+ 38. Qxf4 Nxf4 39. Rf2 Rxe5 40. Rxf4 0-1

[Event "Scarborough CC Howard Ridout U1800"]
[Site "Toronto CAN"]
[Date "2011.09.29"]
[Round "3"]
[White "Azmitia, Gabriel"]
[Black "Wang, Eric1"]
[Result "1/2-1/2"]
[WhiteElo "1591"]
[BlackElo "1398"]
[PlyCount "85"]
[GameId "2160767909648682"]
[EventDate "2011.09.08"]
[EventType "swiss"]
[EventRounds "6"]
[EventCountry "CAN"]
[SourceTitle "EXT 2022"]
[Source "ChessBase"]
[SourceDate "2021.10.06"]
[SourceVersion "1"]
[SourceVersionDate "2021.10.06"]
[SourceQuality "1"]

1. d4 Nf6 2. Nf3 g6 3. e3 Bg7 4. Bd3 d5 5. h3 Nbd7 6. b3 c5 7. O-O O-O 8. Bb2 cxd4 9. exd4 Qc7 10. Qe2 Re8 11. Ne5 Nxe5 12. dxe5 Nd7 13. f4 Nc5 14. Nd2 Nxd3 15. cxd3 Qb6+ 16. d4 Bd7 17. a4 Rac8 18. Rfc1 Rxc1+ 19. Rxc1 Bxa4 20. Qe3 Bc6 21. Qc3 Rc8 22. Qc5 Qxc5 23. Rxc5 Bf8 24. Ra5 a6 25. Ra1 Bh6 26. g3 g5 27. Nf3 gxf4 28. g4 f6 29. Rc1 Kf7 30. Kf2 Bd7 31. Rxc8 Bxc8 32. Ne1 f5 33. Kf3 fxg4+ 34. hxg4 Bd7 35. Nd3 Bb5 36. Nxf4 Bxf4 37. Kxf4 a5 38. Kg5 Kg7 39. Ba3 e6 40. b4 a4 41. Bc1 h6+ 42. Kh5 Kh7 43. Ba3 1/2-1/2

[Event "Scarborough CC Howard Ridout U1800"]
[Site "Toronto CAN"]
[Date "2011.09.29"]
[Round "3"]
[White "Dattani, Dinesh"]
[Black "Roy, Harrison"]
[Result "1-0"]
[WhiteElo "1289"]
[BlackElo "910"]
[PlyCount "53"]
[GameId "2160767909648683"]
[EventDate "2011.09.08"]
[EventType "swiss"]
[EventRounds "6"]
[EventCountry "CAN"]
[SourceTitle "EXT 2022"]
[Source "ChessBase"]
[SourceDate "2021.10.06"]
[SourceVersion "1"]
[SourceVersionDate "2021.10.06"]
[SourceQuality "1"]

1. e4 e5 2. Nf3 Nf6 3. Bc4 d5 4. exd5 e4 5. Nd4 Nxd5 6. Qe2 Nf6 7. Nb3 Be7 8. O-O O-O 9. h3 Bd6 10. d4 Nc6 11. Bg5 Re8 12. Nc3 Bf5 13. Nd5 Be7 14. Nxe7+ Qxe7 15. c3 h6 16. Be3 Rad8 17. Rad1 Qd7 18. Kh2 Ng4+ 19. Kg1 Ne7 20. Nc5 Qc8 21. b3 Ng6 22. Nxb7 Qxb7 23. hxg4 Bd7 24. g5 Qc8 25. Qh5 Bg4 26. Qxg6 Rf8 27. gxh6 1-0

[Event "Scarborough CC Howard Ridout U1800"]
[Site "Toronto CAN"]
[Date "2011.09.29"]
[Round "3"]
[White "Feng, Richard"]
[Black "Kurkowski, Ken"]
[Result "0-1"]
[WhiteElo "1040"]
[BlackElo "1601"]
[PlyCount "72"]
[GameId "2160767909648684"]
[EventDate "2011.09.08"]
[EventType "swiss"]
[EventRounds "6"]
[EventCountry "CAN"]
[SourceTitle "EXT 2022"]
[Source "ChessBase"]
[SourceDate "2021.10.06"]
[SourceVersion "1"]
[SourceVersionDate "2021.10.06"]
[SourceQuality "1"]

1. e4 e6 2. d4 d5 3. e5 c5 4. c3 Qb6 5. Nf3 Bd7 6. Bd3 cxd4 7. cxd4 Bb5 8. O-O Bxd3 9. Qxd3 Nc6 10. Bg5 Be7 11. Bxe7 Ngxe7 12. Qc2 Nxd4 13. Nxd4 Qxd4 14. Nc3 Rc8 15. Qa4+ Qxa4 16. Nxa4 O-O 17. b4 Nc6 18. b5 Nxe5 19. Rfe1 Nc4 20. Rac1 Rc7 21. b6 axb6 22. Nxb6 Rc6 23. Nd7 Rd8 24. Ne5 Nxe5 25. Rxc6 Nxc6 26. Rb1 Rb8 27. f4 f6 28. Re1 Kf7 29. h4 e5 30. f5 d4 31. g4 h6 32. h5 d3 33. Rd1 e4 34. Kf2 Re8 35. Rb1 e3+ 36. Kg1 Re7 0-1

[Event "Scarborough CC Howard Ridout U1800"]
[Site "Toronto CAN"]
[Date "2011.09.29"]
[Round "3"]
[White "Gillis, Doug"]
[Black "Tismenko, Dennis"]
[Result "1-0"]
[WhiteElo "1594"]
[BlackElo "1407"]
[PlyCount "37"]
[GameId "2160767909648685"]
[EventDate "2011.09.08"]
[EventType "swiss"]
[EventRounds "6"]
[EventCountry "CAN"]
[SourceTitle "EXT 2022"]
[Source "ChessBase"]
[SourceDate "2021.10.06"]
[SourceVersion "1"]
[SourceVersionDate "2021.10.06"]
[SourceQuality "1"]

1. d4 d5 2. Nc3 Nf6 3. Bg5 e6 4. e4 Be7 5. e5 Nfd7 6. Bxe7 Qxe7 7. f4 O-O 8. Nf3 f6 9. Qd2 a6 10. O-O-O fxe5 11. dxe5 c5 12. g3 b5 13. Nxd5 exd5 14. Qxd5+ Qf7 15. Qxa8 Nb6 16. Qxb8 Bb7 17. Rd8 Nd7 18. Rxf8+ Nxf8 19. Bg2 1-0

[Event "Scarborough CC Howard Ridout U1800"]
[Site "Toronto CAN"]
[Date "2011.09.29"]
[Round "3"]
[White "Kaneshalingam, Mathanhe"]
[Black "Azizi, Hamid"]
[Result "0-1"]
[WhiteElo "955"]
[BlackElo "1369"]
[PlyCount "114"]
[GameId "2160767909648686"]
[EventDate "2011.09.08"]
[EventType "swiss"]
[EventRounds "6"]
[EventCountry "CAN"]
[SourceTitle "EXT 2022"]
[Source "ChessBase"]
[SourceDate "2021.10.06"]
[SourceVersion "1"]
[SourceVersionDate "2021.10.06"]
[SourceQuality "1"]

1. d4 f5 2. c4 Nf6 3. Nc3 e6 4. Nf3 b6 5. e3 Bb7 6. Bd2 Be7 7. Bd3 c5 8. Qc2 cxd4 9. exd4 Bxf3 10. gxf3 Nc6 11. Be3 Qc7 12. f4 Nh5 13. Qd2 Bb4 14. Be2 Nf6 15. a3 Ne4 16. Qc2 Ba5 17. b4 Nxb4 18. axb4 Bxb4 19. Bd2 Nxc3 20. Bxc3 Bxc3+ 21. Qxc3 Qxf4 22. d5 O-O 23. Rg1 e5 24. h3 d6 25. Qg3 Qxg3 26. Rxg3 g6 27. Rga3 a5 28. Rb3 Rfb8 29. Rab1 a4 30. Rxb6 Rxb6 31. Rxb6 a3 32. Rb1 Kf7 33. Kd2 e4 34. Kc3 Kf6 35. Ra1 h5 36. Kb3 h4 37. Rxa3 Rxa3+ 38. Kxa3 Ke5 39. Kb4 g5 40. Bf1 g4 41. Kb5 gxh3 42. Bxh3 f4 43. Kc6 e3 44. fxe3 fxe3 45. Bf1 h3 46. c5 dxc5 47. d6 h2 48. d7 h1=Q+ 49. Kc7 Qh7 50. Kc8 Qf5 51. Kc7 Qf7 52. Kc8 Qe6 53. Kc7 Qd6+ 54. Kc8 Qc6+ 55. Kd8 Kd6 56. Ke8 Qxd7+ 57. Kf8 Qe7+ 0-1

[Event "Scarborough CC Howard Ridout U1800"]
[Site "Toronto CAN"]
[Date "2011.09.29"]
[Round "3"]
[White "Karpik, Steve"]
[Black "Zhao, Harry"]
[Result "1-0"]
[WhiteElo "1425"]
[BlackElo "1357"]
[PlyCount "97"]
[GameId "2160767909648687"]
[EventDate "2011.09.08"]
[EventType "swiss"]
[EventRounds "6"]
[EventCountry "CAN"]
[SourceTitle "EXT 2022"]
[Source "ChessBase"]
[SourceDate "2021.10.06"]
[SourceVersion "1"]
[SourceVersionDate "2021.10.06"]
[SourceQuality "1"]

1. Nf3 d5 2. c4 d4 3. d3 Nf6 4. g3 c5 5. Bg2 Qc7 6. Bf4 Qb6 7. b3 Nc6 8. O-O g6 9. Na3 a6 10. Qc1 Bg7 11. Nc2 O-O 12. Bh6 Rd8 13. Bxg7 Kxg7 14. Qd2 Qc7 15. a4 e5 16. Ng5 Qe7 17. Rfb1 a5 18. Na3 Nb4 19. Nb5 Rb8 20. Ne4 Nxe4 21. Bxe4 f5 22. Bd5 Be6 23. Bxe6 Qxe6 24. Re1 b6 25. Rab1 e4 26. Qf4 e3 27. f3 Rd7 28. Qxb8 g5 29. Nc7 Qe7 30. Nd5 Nxd5 31. cxd5 Rd8 32. Qxb6 f4 33. Qe6 Qc7 34. g4 Rd6 35. Qe5+ Kg6 36. Kg2 Qd8 37. Rh1 Rd7 38. Qf5+ Kg7 39. Qe5+ Kg8 40. Qe6+ Rf7 41. d6 Kf8 42. Qh6+ Kg8 43. h4 Rg7 44. hxg5 Rg6 45. Qxh7+ Kf8 46. Qxg6 Qxd6 47. Qxd6+ Kf7 48. Rh7+ Kg8 49. Ra7 1-0

[Event "Scarborough CC Howard Ridout U1800"]
[Site "Toronto CAN"]
[Date "2011.09.29"]
[Round "3"]
[White "Li, Michael"]
[Black "Thanabalachandran, Luxiga"]
[Result "1-0"]
[WhiteElo "1445"]
[BlackElo "866"]
[PlyCount "73"]
[GameId "2160767909648688"]
[EventDate "2011.09.08"]
[EventType "swiss"]
[EventRounds "6"]
[EventCountry "CAN"]
[SourceTitle "EXT 2022"]
[Source "ChessBase"]
[SourceDate "2021.10.06"]
[SourceVersion "1"]
[SourceVersionDate "2021.10.06"]
[SourceQuality "1"]

1. e4 e6 2. d4 d5 3. Nd2 c5 4. exd5 exd5 5. Bb5+ Nd7 6. Ngf3 cxd4 7. Nxd4 a6 8. Bd3 Bc5 9. N4b3 Ngf6 10. Nf3 O-O 11. O-O Re8 12. Bf4 Ne4 13. Nfd4 Bxd4 14. Nxd4 Ndc5 15. Be2 Qf6 16. Be3 Qg6 17. Kh1 Bf5 18. f3 Nd6 19. Nxf5 Nxf5 20. Bxc5 Nh4 21. Rf2 Re5 22. Bd3 Nf5 23. g4 Qg5 24. f4 Qh4 25. fxe5 Qxf2 26. Bxf2 Ne7 27. Qd2 h6 28. Bc5 Nc6 29. Rf1 Nxe5 30. g5 Re8 31. gxh6 gxh6 32. Rg1+ Ng6 33. Bxg6 fxg6 34. Qxh6 Re6 35. Rxg6+ Rxg6 36. Qxg6+ Kh8 37. Bd4# 1-0

[Event "Scarborough CC Howard Ridout U1800"]
[Site "Toronto CAN"]
[Date "2011.09.29"]
[Round "3"]
[White "Liang, Phillip"]
[Black "Guo, Thomas"]
[Result "1-0"]
[WhiteElo "1376"]
[BlackElo "993"]
[PlyCount "85"]
[GameId "2160767909648689"]
[EventDate "2011.09.08"]
[EventType "swiss"]
[EventRounds "6"]
[EventCountry "CAN"]
[SourceTitle "EXT 2022"]
[Source "ChessBase"]
[SourceDate "2021.10.06"]
[SourceVersion "1"]
[SourceVersionDate "2021.10.06"]
[SourceQuality "1"]

1. e4 e5 2. Nf3 Nc6 3. Bb5 Bc5 4. O-O d6 5. h3 Nge7 6. c3 a6 7. Ba4 O-O 8. d4 exd4 9. cxd4 Bb6 10. Nc3 Bd7 11. Bc2 Ng6 12. a3 Nce7 13. Be3 Rc8 14. Bb3 c5 15. Nd5 Bb5 16. Re1 Nxd5 17. Bxd5 Qd7 18. Ng5 Ba5 19. b4 cxb4 20. Qh5 Rfd8 21. Bxf7+ Kf8 22. Qxh7 Ke7 23. Qxg7 d5 24. Be6+ Kd6 25. Bxd7 Rg8 26. e5+ Kc7 27. Rec1+ Kb6 28. Qf6+ Rc6 29. Bxc6 Bxc6 30. Qf7 Rc8 31. axb4 Bxb4 32. Qxg6 Ka7 33. Ne6 Be8 34. Qd3 Bd7 35. Rxc8 Bxc8 36. Qb5 Bc3 37. Qc5+ Kb8 38. Qxc3 Bxe6 39. Bg5 Bd7 40. Bd8 Ka7 41. Qc5+ Ka8 42. Bb6 Bc6 43. Qf8+ 1-0

[Event "Scarborough CC Howard Ridout U1800"]
[Site "Toronto CAN"]
[Date "2011.09.29"]
[Round "3"]
[White "Lin, Benjamin1"]
[Black "Xiao, Jerry"]
[Result "0-1"]
[WhiteElo "1166"]
[BlackElo "912"]
[PlyCount "95"]
[GameId "2160767909648690"]
[EventDate "2011.09.08"]
[EventType "swiss"]
[EventRounds "6"]
[EventCountry "CAN"]
[SourceTitle "EXT 2022"]
[Source "ChessBase"]
[SourceDate "2021.10.06"]
[SourceVersion "1"]
[SourceVersionDate "2021.10.06"]
[SourceQuality "1"]

1. c4 g6 2. d4 Bg7 3. Nc3 d6 4. e4 Nf6 5. Nf3 O-O 6. Be2 b6 7. O-O Bb7 8. d5 c6 9. Be3 h6 10. Qd2 Kh7 11. Ne1 e6 12. dxc6 Bxc6 13. Bf3 a6 14. Rd1 b5 15. cxb5 axb5 16. a3 d5 17. exd5 exd5 18. Nc2 Na6 19. Be2 Rb8 20. Nd4 Qe8 21. f4 Ne4 22. Nxe4 dxe4 23. f5 Nc5 24. Rc1 Bxd4 25. Bxd4 Nb3 26. fxg6+ fxg6 27. Rxf8 Qxf8 28. Qc3 Nxc1 29. Qxc1 Qd6 30. Qc3 Qd5 31. Qb4 Rb7 32. Bg4 h5 33. Bc8 e3 34. Kf1 Qxg2+ 35. Ke1 Qf2+ 36. Kd1 e2+ 37. Kc2 e1=Q+ 38. Bxf2 Qxf2+ 39. Kc3 Rf7 40. Bg4 hxg4 41. Qxg4 Qe3+ 42. Kb4 Rf4+ 43. Qxf4 Qxf4+ 44. Ka5 Qa4+ 45. Kb6 Qa8 46. Kc7 Qb7+ 47. Kd6 Qd7+ 48. Kc5 0-1

[Event "Scarborough CC Howard Ridout U1800"]
[Site "Toronto CAN"]
[Date "2011.09.29"]
[Round "3"]
[White "Lin, William"]
[Black "Rutherdale, William"]
[Result "0-1"]
[WhiteElo "1362"]
[BlackElo "1699"]
[PlyCount "74"]
[GameId "2160767909648691"]
[EventDate "2011.09.08"]
[EventType "swiss"]
[EventRounds "6"]
[EventCountry "CAN"]
[SourceTitle "EXT 2022"]
[Source "ChessBase"]
[SourceDate "2021.10.06"]
[SourceVersion "1"]
[SourceVersionDate "2021.10.06"]
[SourceQuality "1"]

1. e4 e5 2. f4 Bc5 3. Nf3 d6 4. Nc3 Nc6 5. Na4 Bg4 6. Nxc5 dxc5 7. Be2 exf4 8. O-O Qd6 9. Kh1 O-O-O 10. b3 Kb8 11. Bb2 f6 12. d3 h5 13. h3 Nge7 14. Nd2 f3 15. Bxf3 Ne5 16. Bxe5 Qxe5 17. Bxg4 hxg4 18. Qxg4 Nc6 19. Nc4 Qe7 20. Ne3 Ne5 21. Qg3 Rh7 22. Ng4 Nc6 23. a3 Rdh8 24. Kg1 Nd4 25. Qf2 b6 26. a4 Qd7 27. Ne3 Rxh3 28. gxh3 Qxh3 29. Qd2 Rh5 30. Rae1 Rg5+ 31. Ng2 Qg3 32. Re3 Qg4 33. Rf4 Qxf4 34. Kh1 Rh5+ 35. Kg1 Qh2+ 36. Kf2 Rg5 37. Qc3 Rxg2+ 0-1

[Event "Scarborough CC Howard Ridout U1800"]
[Site "Toronto CAN"]
[Date "2011.09.29"]
[Round "3"]
[White "Lu, Leo"]
[Black "Roy, Lawrence"]
[Result "1/2-1/2"]
[WhiteElo "989"]
[BlackElo "1038"]
[PlyCount "68"]
[GameId "2160767909648692"]
[EventDate "2011.09.08"]
[EventType "swiss"]
[EventRounds "6"]
[EventCountry "CAN"]
[SourceTitle "EXT 2022"]
[Source "ChessBase"]
[SourceDate "2021.10.06"]
[SourceVersion "1"]
[SourceVersionDate "2021.10.06"]
[SourceQuality "1"]

1. e4 e5 2. Nf3 Nf6 3. d3 Nc6 4. Nc3 Be7 5. Be3 d6 6. Be2 O-O 7. O-O Re8 8. Re1 Bd7 9. d4 exd4 10. Bxd4 Nxd4 11. Nxd4 c6 12. b4 d5 13. e5 Ne4 14. Nxe4 dxe4 15. Nb3 Bxb4 16. Rf1 Rxe5 17. Qd4 Re8 18. Qxb4 h6 19. Rfd1 Qc7 20. Nc5 Rad8 21. Rd2 Re5 22. Rad1 Re7 23. Nb3 Re5 24. Bg4 f5 25. Bh5 e3 26. Re2 exf2+ 27. Kf1 Rxe2 28. Bxe2 Qxh2 29. Kxf2 Qc7 30. Qh4 Qb6+ 31. Kf1 Kf8 32. Qf4 a5 33. c4 c5 34. Rd6 Qc7 1/2-1/2

[Event "Scarborough CC Howard Ridout U1800"]
[Site "Toronto CAN"]
[Date "2011.09.29"]
[Round "3"]
[White "Mesiti, Silvano"]
[Black "Graham, John"]
[Result "0-1"]
[WhiteElo "1667"]
[BlackElo "1370"]
[PlyCount "92"]
[GameId "2160767909648693"]
[EventDate "2011.09.08"]
[EventType "swiss"]
[EventRounds "6"]
[EventCountry "CAN"]
[SourceTitle "EXT 2022"]
[Source "ChessBase"]
[SourceDate "2021.10.06"]
[SourceVersion "1"]
[SourceVersionDate "2021.10.06"]
[SourceQuality "1"]

1. e4 e5 2. Nf3 Nc6 3. Bc4 d6 4. Nc3 Bg4 5. Bxf7+ Kxf7 6. d3 Ke8 7. h3 Bh5 8. g4 Bf7 9. Ng5 Nh6 10. Be3 Be7 11. Qd2 Nd4 12. O-O-O Bxg5 13. Bxg5 Nf3 14. Bxd8 Nxd2 15. Bxc7 Nf3 16. Bxd6 Kd7 17. Bc5 Rhc8 18. Be3 Ng8 19. Kb1 Rc6 20. Ne2 Rac8 21. Rc1 Ra6 22. a3 Ne7 23. c4 Nc6 24. Nc3 Ncd4 25. Rcd1 Ra5 26. Bxd4 Nxd4 27. Rhf1 g5 28. Rh1 Bg6 29. Rd2 Ke6 30. Nd5 b5 31. Ne3 bxc4 32. Rc1 Nb3 33. Nxc4 Nxc1 34. Nxa5 Nxd3 35. f3 Nf4 36. Rh2 Nd3 37. Nb3 Ke7 38. Rd2 Ne1 39. Rf2 Kf6 40. Nd2 Nd3 41. Rf1 Rb8 42. b4 a5 43. Ka1 axb4 44. Rb1 Ra8 45. Rxb4 Rxa3+ 46. Kb1 Nxb4 0-1

[Event "Scarborough CC Howard Ridout U1800"]
[Site "Toronto CAN"]
[Date "2011.09.29"]
[Round "3"]
[White "Paraparan, Varshini"]
[Black "Zhang, Taylor"]
[Result "0-1"]
[WhiteElo "927"]
[BlackElo "1215"]
[PlyCount "120"]
[GameId "2160767909648694"]
[EventDate "2011.09.08"]
[EventType "swiss"]
[EventRounds "6"]
[EventCountry "CAN"]
[SourceTitle "EXT 2022"]
[Source "ChessBase"]
[SourceDate "2021.10.06"]
[SourceVersion "1"]
[SourceVersionDate "2021.10.06"]
[SourceQuality "1"]

1. e4 e5 2. Nf3 Nc6 3. Bb5 d6 4. O-O Bd7 5. c3 Be7 6. d4 exd4 7. Nxd4 Nf6 8. Re1 O-O 9. Nxc6 Bxc6 10. Bxc6 bxc6 11. Bg5 h6 12. Bh4 Rb8 13. b3 Rb5 14. c4 Rb8 15. Nc3 Re8 16. e5 dxe5 17. Rxe5 Qxd1+ 18. Rxd1 Bd6 19. Ree1 Bb4 20. Bxf6 gxf6 21. Rxe8+ Rxe8 22. Nb1 Re2 23. a3 Bc5 24. Rf1 a5 25. Nc3 Re5 26. g3 Bxa3 27. Rd1 Re7 28. Rd8+ Kg7 29. Ra8 Bb4 30. Na2 Bd2 31. Ra6 Re1+ 32. Kg2 Ra1 33. b4 Rxa2 34. bxa5 Rxa5 35. Rxc6 Ra3 36. Rxc7 Bb4 37. c5 Rc3 38. c6 Rc2 39. Kf3 Bc5 40. Ke4 Bxf2 41. Kd5 Bb6 42. Rb7 Bg1 43. c7 Bxh2 44. Kd6 Bxg3+ 45. Kd7 Rxc7+ 46. Rxc7 Bxc7 47. Kxc7 h5 48. Kc6 h4 49. Kd5 h3 50. Ke4 h2 51. Kf4 h1=Q 52. Ke3 Qh4 53. Kf3 Kg6 54. Ke3 Kf5 55. Kf3 Qh3+ 56. Ke2 Ke4 57. Kd2 Qb3 58. Ke2 Qc2+ 59. Kf1 Kf3 60. Kg1 Qg2# 0-1

[Event "Scarborough CC Howard Ridout U1800"]
[Site "Toronto CAN"]
[Date "2011.09.29"]
[Round "3"]
[White "Patel, Saiyam"]
[Black "Joshi, Arjavkumar"]
[Result "0-1"]
[WhiteElo "886"]
[BlackElo "1284"]
[PlyCount "56"]
[GameId "2160767909648695"]
[EventDate "2011.09.08"]
[EventType "swiss"]
[EventRounds "6"]
[EventCountry "CAN"]
[SourceTitle "EXT 2022"]
[Source "ChessBase"]
[SourceDate "2021.10.06"]
[SourceVersion "1"]
[SourceVersionDate "2021.10.06"]
[SourceQuality "1"]

1. e3 e5 2. Bc4 d5 3. Bb3 Nf6 4. f3 Nc6 5. Nc3 Be6 6. d4 exd4 7. exd4 Bb4 8. a3 Ba5 9. f4 Qe7 10. Qf3 Bg4+ 11. Qe3 Be6 12. Qf2 O-O 13. f5 Bxf5+ 14. Nge2 Rae8 15. Bd2 Bxc3 16. bxc3 Bg4 17. c4 Bxe2 18. Bb4 Nxb4 19. axb4 Qxb4+ 20. c3 Qxb3 21. Qxe2 Qxc3+ 22. Kf1 Rxe2 23. Kxe2 Re8+ 24. Kd1 Qxa1+ 25. Kc2 Qa2+ 26. Kc3 Re3+ 27. Kb4 Qxc4+ 28. Ka5 b6# 0-1

[Event "Scarborough CC Howard Ridout U1800"]
[Site "Toronto CAN"]
[Date "2011.09.29"]
[Round "3"]
[White "Pishdad, Hassan"]
[Black "Bellomo, Joe"]
[Result "0-1"]
[WhiteElo "1338"]
[BlackElo "1607"]
[PlyCount "90"]
[GameId "2160767909648696"]
[EventDate "2011.09.08"]
[EventType "swiss"]
[EventRounds "6"]
[EventCountry "CAN"]
[SourceTitle "EXT 2022"]
[Source "ChessBase"]
[SourceDate "2021.10.06"]
[SourceVersion "1"]
[SourceVersionDate "2021.10.06"]
[SourceQuality "1"]

1. d4 Nf6 2. c4 e6 3. Nc3 d5 4. e3 Be7 5. Nf3 O-O 6. Bd3 dxc4 7. Bxc4 b6 8. O-O Bb7 9. b3 Nbd7 10. Bb2 a6 11. a4 c5 12. Re1 Qc8 13. Rc1 Rd8 14. Qe2 cxd4 15. exd4 Nf8 16. Nb1 Qb8 17. Red1 Nd5 18. Bxd5 Bxd5 19. Qd3 Qf4 20. Nbd2 Ng6 21. Qe3 Qb8 22. Re1 b5 23. axb5 Qxb5 24. Nc4 Rab8 25. Nfd2 Bxc4 26. Rxc4 Bb4 27. Bc3 Bd6 28. g3 Ne7 29. Rc1 Nd5 30. Qf3 Nb6 31. Rc6 Nd5 32. Ba1 Ba3 33. R1c2 Qa5 34. R2c3 Nxc3 35. Bxc3 Bb4 36. Nc4 Qa2 37. Rc7 Rf8 38. Bxb4 Rxb4 39. Nd6 Qb1+ 40. Kg2 Qg6 41. h4 Qf6 42. d5 Qxf3+ 43. Kxf3 Rxb3+ 44. Ke4 exd5+ 45. Kxd5 Rd8 0-1

[Event "Scarborough CC Howard Ridout U1800"]
[Site "Toronto CAN"]
[Date "2011.09.29"]
[Round "3"]
[White "Radpey, Abdolreza"]
[Black "Guo, Tan"]
[Result "0-1"]
[WhiteElo "1650"]
[BlackElo "1547"]
[PlyCount "94"]
[GameId "2160767909648697"]
[EventDate "2011.09.08"]
[EventType "swiss"]
[EventRounds "6"]
[EventCountry "CAN"]
[SourceTitle "EXT 2022"]
[Source "ChessBase"]
[SourceDate "2021.10.06"]
[SourceVersion "1"]
[SourceVersionDate "2021.10.06"]
[SourceQuality "1"]

1. e4 d6 2. b3 Nf6 3. Nc3 g6 4. Bb2 Bg7 5. d4 O-O 6. Nf3 c6 7. Be2 Qc7 8. O-O Rd8 9. Qc1 Nbd7 10. Rb1 b5 11. b4 a5 12. a3 axb4 13. axb4 Nb6 14. Ra1 Be6 15. d5 Rxa1 16. Bxa1 cxd5 17. Nxb5 Qb7 18. e5 dxe5 19. Bxe5 Nc4 20. Bxc4 dxc4 21. Nfd4 Rd5 22. Nxe6 fxe6 23. Bxf6 Bxf6 24. Na3 Qxb4 25. Qe3 Re5 26. Qa7 Ra5 27. Qe3 Rxa3 28. Qxe6+ Kg7 29. Qe4 Qa4 30. h4 Ra1 31. Rxa1 Qxa1+ 32. Kh2 Qe5+ 33. Qxe5 Bxe5+ 34. g3 Kf6 35. f4 Bd4 36. g4 e5 37. Kg3 c3 38. Kf3 exf4 39. Kxf4 Be5+ 40. Ke4 Ke6 41. h5 g5 42. Kd3 Kd5 43. Ke3 Bf4+ 44. Kd3 Bd2 45. h6 Ke5 46. Kc4 Kf4 47. Kd5 Kxg4 0-1

[Event "Scarborough CC Howard Ridout U1800"]
[Site "Toronto CAN"]
[Date "2011.09.29"]
[Round "3"]
[White "Raphael, Raymond"]
[Black "Pulogarajah, Kaarthic"]
[Result "1-0"]
[WhiteElo "1715"]
[BlackElo "998"]
[PlyCount "77"]
[GameId "2160767909648698"]
[EventDate "2011.09.08"]
[EventType "swiss"]
[EventRounds "6"]
[EventCountry "CAN"]
[SourceTitle "EXT 2022"]
[Source "ChessBase"]
[SourceDate "2021.10.06"]
[SourceVersion "1"]
[SourceVersionDate "2021.10.06"]
[SourceQuality "1"]

1. e4 e5 2. Nf3 Nf6 3. Nc3 Nc6 4. d3 Bb4 5. Bd2 Bxc3 6. Bxc3 d6 7. h3 O-O 8. Be2 h6 9. O-O Re8 10. Bd2 d5 11. exd5 Nxd5 12. Re1 e4 13. dxe4 Rxe4 14. Bd3 Rxe1+ 15. Qxe1 a5 16. a3 Be6 17. b3 Qe7 18. c4 Nf6 19. Bc2 Rd8 20. Bc3 Nh5 21. Qe4 f5 22. Qe3 f4 23. Qe4 Nf6 24. Qxf4 Bf7 25. Re1 Qxa3 26. Bxf6 gxf6 27. Qxf6 Nb4 28. Qxd8+ Kg7 29. Qd1 Nxc2 30. Qxc2 Bh5 31. Qc3+ Kh7 32. Qd3+ Bg6 33. Qd7+ Kg8 34. Qd8+ Qf8 35. Qxf8+ Kxf8 36. Nd4 c5 37. Ne6+ Kg8 38. Nxc5 b6 39. Nd7 1-0

[Event "Scarborough CC Howard Ridout U1800"]
[Site "Toronto CAN"]
[Date "2011.09.29"]
[Round "3"]
[White "Smith, Maurice"]
[Black "Vojnov, Miomir"]
[Result "1-0"]
[WhiteElo "1535"]
[BlackElo "1633"]
[PlyCount "55"]
[GameId "2160767909648699"]
[EventDate "2011.09.08"]
[EventType "swiss"]
[EventRounds "6"]
[EventCountry "CAN"]
[SourceTitle "EXT 2022"]
[Source "ChessBase"]
[SourceDate "2021.10.06"]
[SourceVersion "1"]
[SourceVersionDate "2021.10.06"]
[SourceQuality "1"]

1. d4 d5 2. c4 e6 3. Nc3 Nf6 4. Bg5 Bb4 5. e3 c6 6. a3 Bxc3+ 7. bxc3 Nbd7 8. Nf3 Qa5 9. Bxf6 Qxc3+ 10. Nd2 Nxf6 11. Qc1 Qa5 12. f3 O-O 13. Bd3 Bd7 14. O-O Rac8 15. Nb3 Qd8 16. c5 b5 17. Nd2 a6 18. Qc2 Qc7 19. e4 dxe4 20. Nxe4 Nxe4 21. Bxe4 g6 22. Qc3 Qf4 23. g3 Qf6 24. Rad1 Kg7 25. Qa5 Ra8 26. Qc7 Qe7 27. Bxc6 Qd8 28. Qxd7 1-0

[Event "Scarborough CC Howard Ridout U1800"]
[Site "Toronto CAN"]
[Date "2011.09.29"]
[Round "3"]
[White "Tismenko, Tetyana"]
[Black "Song, Eric"]
[Result "1/2-1/2"]
[WhiteElo "1477"]
[BlackElo "1616"]
[PlyCount "49"]
[GameId "2160767909648700"]
[EventDate "2011.09.08"]
[EventType "swiss"]
[EventRounds "6"]
[EventCountry "CAN"]
[SourceTitle "EXT 2022"]
[Source "ChessBase"]
[SourceDate "2021.10.06"]
[SourceVersion "1"]
[SourceVersionDate "2021.10.06"]
[SourceQuality "1"]

1. e4 e5 2. Nf3 Nc6 3. Bb5 a6 4. Ba4 Nf6 5. d3 b5 6. Bb3 d6 7. c3 Bg4 8. O-O Be7 9. Re1 O-O 10. Nbd2 Qd7 11. Nf1 Na5 12. Bc2 c5 13. Ng3 Nc6 14. h3 Be6 15. Ng5 Qe8 16. Be3 Qd8 17. d4 cxd4 18. Nxe6 fxe6 19. cxd4 exd4 20. Bxd4 Rc8 21. Re3 Ne8 22. Bb3 Qd7 23. Qg4 Kf7 24. Qh5+ Kg8 25. Qg4 1/2-1/2